<?xml version="1.0" encoding="UTF-8"?><?xml-stylesheet type="text/xsl" href="static/style.xsl"?><OAI-PMH xmlns="http://www.openarchives.org/OAI/2.0/" xmlns:xsi="http://www.w3.org/2001/XMLSchema-instance" xsi:schemaLocation="http://www.openarchives.org/OAI/2.0/ http://www.openarchives.org/OAI/2.0/OAI-PMH.xsd"><responseDate>2026-06-29T01:17:46Z</responseDate><request verb="GetRecord" identifier="oai:docta.ucm.es:20.500.14352/54920" metadataPrefix="marc">https://docta.ucm.es/rest/oai/request</request><GetRecord><record><header><identifier>oai:docta.ucm.es:20.500.14352/54920</identifier><datestamp>2023-09-13T16:14:37Z</datestamp><setSpec>com_20.500.14352_14</setSpec><setSpec>col_20.500.14352_22</setSpec></header><metadata><record xmlns="http://www.loc.gov/MARC21/slim" xmlns:dcterms="http://purl.org/dc/terms/" xmlns:xsi="http://www.w3.org/2001/XMLSchema-instance" xmlns:doc="http://www.lyncode.com/xoai" xsi:schemaLocation="http://www.loc.gov/MARC21/slim http://www.loc.gov/standards/marcxml/schema/MARC21slim.xsd">
   <leader>00925njm 22002777a 4500</leader>
   <datafield ind2=" " ind1=" " tag="042">
      <subfield code="a">dc</subfield>
   </datafield>
   <datafield ind2=" " ind1=" " tag="720">
      <subfield code="a">Blanco García, Susana</subfield>
      <subfield code="e">author</subfield>
   </datafield>
   <datafield ind2=" " ind1=" " tag="260">
      <subfield code="c">2003</subfield>
   </datafield>
   <datafield ind2=" " ind1=" " tag="520">
      <subfield code="a">Esta tesis estudia el origen, evolución y perspectivas del proceso de titulación en España. Analizando los riesgos y ventajas que conlleva este proceso desde la perspectiva de los cedentes de los derechos de cobro desde los inversores de activos titulizados así como del conjunto del sistema financiero español. Situando la titulización de activos hipotecarios dentro del proceso de desintermediación que supone la reducción de las participaciones de las entidades de crédito en la captación del ahorro y la concesión de financiación en favor de inversores institucionales (fondos de pensión, compañías de seguro y fondos de inversión)</subfield>
   </datafield>
   <datafield ind1="8" ind2=" " tag="024">
      <subfield code="a">978-84-669-1268-6</subfield>
   </datafield>
   <datafield ind1="8" ind2=" " tag="024">
      <subfield code="a">b21691836</subfield>
   </datafield>
   <datafield ind1="8" ind2=" " tag="024">
      <subfield code="a">https://hdl.handle.net/20.500.14352/54920</subfield>
   </datafield>
   <datafield ind2="0" ind1="0" tag="245">
      <subfield code="a">La titulización de activos en España</subfield>
   </datafield>
</record></metadata></record></GetRecord></OAI-PMH>